| 000 | 00672nam a22001577a 4500 | ||
|---|---|---|---|
| 003 | OSt | ||
| 005 | 20151003113634.0 | ||
| 008 | 151003b xxu||||| |||| 00| 0 eng d | ||
| 040 | _cRUA | ||
| 082 | _aAVM CHH 1999 B071 Or.1 | ||
| 100 |
_91881 _aCHHUN, THY. |
||
| 245 | _aSurvey of distribution of veteri nary supplies and commercial drug in srok mesang prey veng province, ការអង្កេតទៅលើបណ្ដាញចែកចាយនិងពាណិជ្ចកម្មបសុឱសថនៅស្រុកមេសាង ខេត្តព្រៃវែង | ||
| 260 |
_aPhnom Penh _bRUA _c1999 |
||
| 300 |
_a43p. _bill. _c29cm. |
||
| 942 |
_2ddc _cAVM |
||
| 999 |
_c1777 _d1777 |
||